གནས་ཡིག་ཀུན་ཕན་ལམ་སྟོན། (Record no. 3523)

MARC details
000 -LEADER
fixed length control field 00669cam a2200205 4500
001 - CONTROL NUMBER
control field 4274
005 - DATE AND TIME OF LATEST TRANSACTION
control field 20190808125255.0
008 - FIXED-LENGTH DATA ELEMENTS--GENERAL INFORMATION
fixed length control field 090422m20089999bt a 000 0 eng
010 ## - LIBRARY OF CONGRESS CONTROL NUMBER
LC control number 2009311139
020 ## - INTERNATIONAL STANDARD BOOK NUMBER
International Standard Book Number 9789993677086
041 1# - LANGUAGE CODE
Language code of text/sound track or separate title eng
Language code of original dzo
043 ## - GEOGRAPHIC AREA CODE
Geographic area code a-bt---
245 00 - TITLE STATEMENT
Title གནས་ཡིག་ཀུན་ཕན་ལམ་སྟོན།
Statement of responsibility, etc. Sangay Dendup.
260 ## - PUBLICATION, DISTRIBUTION, ETC.
Place of publication, distribution, etc. Thimphu :
Name of publisher, distributor, etc. Ministry of Home & Cultural Affairs,
Date of publication, distribution, etc. 2013.
300 ## - PHYSICAL DESCRIPTION
Extent 309 p. :
Other physical details col. ill. ;
Dimensions 25 cm.
650 #0 - SUBJECT ADDED ENTRY--TOPICAL TERM
Topical term or geographic name entry element Buddhist monasteries
Geographic subdivision Bhutan
Form subdivision Guidebooks.
Topical term or geographic name entry element Buddhist pilgrims and pilgrimages
Geographic subdivision Bhutan
Form subdivision Guidebooks.
700 0# - ADDED ENTRY--PERSONAL NAME
Personal name Dendup, Sangay..
942 ## - ADDED ENTRY ELEMENTS (KOHA)
Source of classification or shelving scheme Dewey Decimal Classification
Koha item type Dzongkha
Holdings
Withdrawn status Lost status Source of classification or shelving scheme Damaged status Not for loan Collection code Home library Current library Shelving location Serial Enumeration / chronology Inventory number Total Checkouts Full call number Barcode Date last seen Copy number Price effective from Koha item type Date acquired Date last checked out
    Dewey Decimal Classification     Dzongkha RTC Library RTC Library Dzongkha 7779   954.98 DOR 30009827 27/11/2018 1 27/11/2018 Dzongkha    
    Dewey Decimal Classification     Dzongkha RTC Library RTC Library Dzongkha 7780 1 954.98 DOR 30009846 18/05/2021 2 27/11/2018 Dzongkha 10/05/2021 10/05/2021
Royal Thimphu College || All Right Reserved